| 000 | 00441nam a22001697a 4500 | ||
|---|---|---|---|
| 003 | NUST - PNEC | ||
| 005 | 20170116181041.0 | ||
| 008 | 150922b xxu||||| |||| 00| 0 eng d | ||
| 020 | _a0132134063 | ||
| 040 | _cLIBRARY | ||
| 082 | _a621.3815 BRE | ||
| 100 |
_911580 _a Breeding, Kenneth J |
||
| 245 |
_aDigital design fundamentals _cKenneth J,Breeding |
||
| 250 | _a2nd ed | ||
| 650 |
_911581 _aLogic circuits _xGeneral |
||
| 942 |
_2ddc _cBK |
||
| 999 |
_c68089 _d68089 |
||